| 000 | 00608 a2200229 4500 | ||
|---|---|---|---|
| 260 | _aParis | ||
| 630 | _a57 - Biologie | ||
| 037 | _b1, Achat | ||
| 650 | _a5 - SCIENCES EXACTES ET NATURELLES | ||
| 100 | _aJacquet, Michel | ||
| 260 | _bService de Publications Orsay Plus | ||
| 245 | _aAspects de la régulation du devenir cellulaire chez les eucaryotes : plan du cours de génétique moléculaire | ||
| 300 | _a60 p. | ||
| 650 | _aGénétique moléculaire | ||
| 260 | _c1991 | ||
| 300 | _b30cm | ||
| 100 | _lFr | ||
| 037 | _aS 7061 | ||
| 020 | _a2-87800-009-9 | ||
| 999 |
_c41571 _d41571 |
||